00569 2200205 4500001002100000005001700021008004100038035002500079040001200104090002100116100001300137245005800150250001800208260003200226300002900258650003000287850001200317990001700329990001700346YOGYA-0211000000378620150423114200.0 ind  a0010-021100000003786 aYOPDYOG aR 959.823bDar P aDARMANTO aPanduan belajar dan berwisata di YogyakartacDarmanto aEd. 3, cet. 1 aYogyakartabPro Aktifc2004 a84, 26 hlm.;ilus.;21 cm. aYogyakarta - Buku Panduan aYOPDYOG a2713-pd/p.04 a2714-pd/p.04